Manual para equipos de gestion escolar: formación, desarrollo y consolidación del trabajo en equipo en la escuela
Gorde:
| Egile Nagusiak: | , , , , , |
|---|---|
| Formatua: | Liburua |
| Hizkuntza: | gaztelania |
| Argitaratua: |
Santiago
Ministerio de Educación
1996
|
| Gaiak: | |
| Etiketak: |
Etiketa erantsi
Etiketarik gabe, Izan zaitez lehena erregistro honi etiketa jartzen!
|
MARC
| LEADER | 00000nam a2200000 a 4500 | ||
|---|---|---|---|
| 001 | UCP0467 | ||
| 003 | CL-VaPUC | ||
| 008 | 990313e19960000CL |||||||||||||||||spa|d | ||
| 082 | 0 | 4 | |a 370.71 |b AST |2 21 |
| 100 | 0 | |a Astudillo Castro, Eduardo |e author |9 425762 | |
| 700 | 0 | |a Astudillo castro, Osvaldo |e author |9 425763 | |
| 700 | 0 | |a Cuadra Charme, Gustavo |e author |9 425764 | |
| 700 | 0 | |a Guerrero Sepúlveda, Guido |e author |9 425765 | |
| 700 | 0 | |a Torres Escobar, Mirna |e author |9 425766 | |
| 700 | 0 | |a vaccaro Carrizo, Liliana |e author |9 425767 | |
| 245 | 1 | 0 | |a Manual para equipos de gestion escolar: formación, desarrollo y consolidación del trabajo en equipo en la escuela |
| 300 | |a 179 p | ||
| 942 | |c BK | ||
| 945 | |d 19990313 00:00:00 |a rbrito | ||
| 260 | |a Santiago |b Ministerio de Educación |c 1996 | ||
| 650 | 0 | |a Formación profesional de profesores |9 307493 | |
| 650 | 0 | |a Reforma educacional |9 256319 | |
| 650 | 0 | |a Gestión escolar |9 425768 | |
| 583 | |a last modification |c 19990313 00:00:00 |k Rodrigo Vera | ||
| 999 | |c 279249 |d 279247 | ||
| 952 | |0 0 |1 0 |4 0 |6 370_710000000000000_AST_1996 |7 0 |8 A |9 318221 |a BIBEDU |b BIBEDU |c ES_NOD |d 2019-11-20 |i 3504646 |l 1 |o 370.71 AST 1996 |p 3504646 |r 2023-11-03 |s 2023-11-03 |w 2019-11-20 |y BK |k EDU | ||